| 000 | 00000nam##2200000za#4500 |
| 001 | 9.700162 |
| 003 | CaOODSP |
| 005 | 20210625000717 |
| 007 | cr ||||||||||| |
| 008 | 150407|2014||||xxc|||||o f|0| 0 eng|d |
| 020 | |a978-1-100-25447-0 |
| 040 | |aCaOODSP|beng |
| 043 | |an-cn--- |
| 086 | 1 |aEm20-19/2014E-PDF |
| 110 | 1 |aCanada.|bEmployment and Social Development Canada. |bStrategic Policy and Research Branch. |
| 245 | 10|aSummative evaluation of the Workplace Dispute Prevention and Resolution Program : |h[electronic resource]|bfinal report |
| 260 | |aOttawa - Ontario : |bEmployment and Social Development Canada. |cNovember 3, 2014. |
| 300 | |a33p.|bfig., graph, table |
| 590 | |a15-10|b2015-03-06 |
| 690 | 07|aConflict resolution|2gcpds |
| 690 | 07|aWorkplace|2gcpds |
| 775 | 08|tÉvaluation sommative du programme de prévention et de règlement des conflits en milieu de travail : |w(CaOODSP)9.644065 |
| 856 | 40|ahttp://publications.gc.ca|qPDF|s649 KB|uhttps://publications.gc.ca/collections/collection_2015/edsc-esdc/Em20-19-2014-eng.pdf |
| 986 | |aSP-1081-01-15 |